Coaches of the Richmond Tigers - Statistics

General Stats
  • This quiz has been taken 12 times
    5 since last reset
  • The average score is 11 of 41
Answer Stats
Years Coach % Correct
2024- Adam Yze
100%
2010-2023 Damien Hardwick
100%
1966-1976 Tom Hafey
100%
2023 Andrew McQualter
80%
1941-1952 Jack Dyer
80%
2005-2009 Terry Wallace
80%
1982-1983 Francis Bourke
60%
1988-1991 Kevin Bartlett
60%
1944-1964 Albert Pannam
40%
1992 Allan Jeans
40%
1912 Charlie Pannam
40%
1927-1932 Frank Hughes
40%
1937-1965 Jack Titus
40%
1993-1995 John Northey
40%
1996-1997 Robert Walls
40%
1979-1987 Tony Jewell
40%
1976-1978 Barry Richardson
20%
1909 Charlie Taylor
20%
2000-2004 Danny Frawley
20%
1908-1909 Dick Condon
20%
1925-1926 Mel Morris
20%
1934-1940 Perce Bentley
20%
1957-1960 Alan McDonald
0%
1910 Alec Hall
0%
1933 Billy Schmidt
0%
1918 Bonnie Molan
0%
1914-1916 Charlie Ricketts
0%
1920-1925 Dan Minouge
0%
1961-1963 Des Rowe
0%
1913 Ern Jenkins
0%
2009 Jade Rawlings
0%
1997-1999 Jeff Gieschen
0%
1911 Len Incigneri
0%
1964-1965 Len Smth
0%
1920 Max Hislop
0%
1956 Max Oppy
0%
1984 Michael Patterson
0%
1919 Norman Clark
0%
1985 Paul Sproule
0%
1917 Percy Maybury
0%
1971 Verdun Howell
0%
No matching quizzes found
Score Distribution
Percent of People with Each Score
Percentile by Number Answered
Your Score History
You have not taken this quiz since the last reset